000 00852nam a2200289 a 4500
001 ASIN1846143373
005 20170105102848.0
008 130819s2011 xxu eng d
020 _a1846143373 (hardcover)
020 _a9781846143373 (hardcover)
040 _a0
050 0 4 _aDS154.6.A23
082 0 4 _a956.95044092
100 1 _aAbdullah, King.
245 1 0 _aOur last best chance /
_cKing Abdullah.
260 _a[S.l.] :
_bLANE ALLEN,
_c2011.
300 _a1 v. (unpaged) ;
_c24 cm.
650 0 _aAbdullah II, King of Jordan, 1962-
650 0 _aArab-Israeli conflict--Peace
650 0 _aJordan
650 0 _aKings and rulers
650 0 _aMiddle East
650 0 _aPeace-building
650 0 _aPolitical science
856 4 0 _3Amazon.com
_uhttp://www.amazon.com/exec/obidos/ASIN/1846143373/chopaconline-20
942 _2ddc
_cBK
999 _c14134
_d14134